00205nam a2200073Ia 4500008004100000082000800041100001500049245006700064240331s9999 xx 000 0 und d bLEA aLeary, V.L 3aAn introductory guide to human rights law and humanitarian law